000 00532nam a2200205Ia 4500
005 20250923145226.0
008 008 250917s9999 xx 000 0 eng d
037 _aTextual
040 _aDSWL
_beng
_cDSWL
041 _aeng
_2eng
084 _qDSWL
100 _aHowells, William
_9833093
245 0 _aMankind in the making
_cby William Howells
260 _aNew York
_b Doubleday & Co.
_c1959
300 _a200p.
365 _aUSD
_b5.95
925 _g5.95
942 _cTEXL
999 _c1448673
_d1448673